000
00371nam a2200133Ia 4500
008
151001s9999||||xx |||||||||||||| ||und||
100
_a
मधुकर कुलकर्णी
245
_a
माणूस मोठा जिद्दीचा
250
_a
1
260
_b
केशरी प्रकाशन
260
_c
1971
300
_a
308
365
_b
8.5
999
_c
955295
_d
955292